00448nam a2200109Ia 4500008004100000100002500041245011800066260003300184300001700217650001900234856008500253160712s9999 xx 000 0 und d aBatongbacal, Jay L.  cJay L. BatongbacalaUnrequited Love among Young Filipino Gay Men: Subjective Experiences of Unreciprocated Lovers c2011bSocial Science Diliman avol. 7 no. 1 xSOCIAL SCIENCE uhttp://journals.upd.edu.ph/index.php/socialsciencediliman/issue/view/254/showToc